<?xml version="1.0" encoding="UTF-8"?>
<record
    xmlns:xsi="http://www.w3.org/2001/XMLSchema-instance"
    xsi:schemaLocation="http://www.loc.gov/MARC21/slim http://www.loc.gov/standards/marcxml/schema/MARC21slim.xsd"
    xmlns="http://www.loc.gov/MARC21/slim">

  <leader>00843cam a22002411  4500</leader>
  <controlfield tag="001">ne 68002646 </controlfield>
  <controlfield tag="003">DLC</controlfield>
  <controlfield tag="005">20260227111844.0</controlfield>
  <controlfield tag="008">890904q19601969xx            000 0 ara  </controlfield>
  <datafield tag="010" ind1=" " ind2=" ">
    <subfield code="a">ne 68002646 </subfield>
  </datafield>
  <datafield tag="035" ind1=" " ind2=" ">
    <subfield code="a">(OCoLC)23508642</subfield>
  </datafield>
  <datafield tag="040" ind1=" " ind2=" ">
    <subfield code="a">DLC</subfield>
    <subfield code="c">MiU</subfield>
    <subfield code="d">DLC</subfield>
  </datafield>
  <datafield tag="050" ind1="0" ind2="0">
    <subfield code="a">DP103.7</subfield>
    <subfield code="b">.D3 1960z</subfield>
  </datafield>
  <datafield tag="100" ind1="1" ind2=" ">
    <subfield code="a">Ibn &#x2BB;Am&#x12B;rah, A&#x1E25;mad ibn Ya&#x1E25;y&#xE1;,</subfield>
    <subfield code="d">-1202 or 1203.</subfield>
  </datafield>
  <datafield tag="245" ind1="1" ind2="0">
    <subfield code="a">Bughyat al-multamis.</subfield>
  </datafield>
  <datafield tag="260" ind1=" " ind2=" ">
    <subfield code="c">[196-#]</subfield>
  </datafield>
  <datafield tag="300" ind1=" " ind2=" ">
    <subfield code="a">642, 25 p.</subfield>
    <subfield code="b">facsim.</subfield>
    <subfield code="c">26 cm.</subfield>
  </datafield>
  <datafield tag="500" ind1=" " ind2=" ">
    <subfield code="a">Cover title: Bughyat al-multamis # tarikh rijal ahl al-Andalus, by Ibn 'Umaira al-Dhabbi, edited by F. Codera and J. Ribera.</subfield>
  </datafield>
  <datafield tag="500" ind1=" " ind2=" ">
    <subfield code="a">Photoreproduction of the ed. published in Madrid, 1884.</subfield>
  </datafield>
  <datafield tag="650" ind1=" " ind2="0">
    <subfield code="a">Arabs</subfield>
    <subfield code="z">Spain</subfield>
    <subfield code="x">Biography</subfield>
  </datafield>
  <datafield tag="700" ind1="2" ind2=" ">
    <subfield code="a">Codera y Zaid&#xED;n, Francisco,</subfield>
    <subfield code="d">1836-1917.</subfield>
    <subfield code="e">ed.</subfield>
  </datafield>
  <datafield tag="700" ind1="1" ind2=" ">
    <subfield code="a">Ribera, Juli&#xE1;n,</subfield>
    <subfield code="d">1858-1934.</subfield>
    <subfield code="e">ed.</subfield>
  </datafield>
  <datafield tag="999" ind1=" " ind2=" ">
    <subfield code="c">50571</subfield>
    <subfield code="d">50571</subfield>
  </datafield>
</record>
